Nepríjemné vzťahy a javy v malých a stredných podnikoch

Teoretické vymedzenie obsahu základných pojmov. Príznaky a fázy mobbingu. Ciele a príčiny mobbingu. Účastníci mobbingu. Bossing.

Gespeichert in:
Bibliographische Detailangaben
1. Verfasser: Strážovská, Ľubomíra
Format: Buchkapitel
Sprache:Slowakisch
Schlagworte:
Tags: Tag hinzufügen
Keine Tags, Fügen Sie das erste Tag hinzu!

MARC

LEADER 00000naa a2200000 4500
001 0194125
005 20231128090018.0
041 0 |a slo 
044 |a SK 
245 1 0 |a Nepríjemné vzťahy a javy v malých a stredných podnikoch  |c Ľubomíra Strážovská 
520 |a Teoretické vymedzenie obsahu základných pojmov. Príznaky a fázy mobbingu. Ciele a príčiny mobbingu. Účastníci mobbingu. Bossing. 
610 2 0 |a mobbing 
610 2 0 |a pracovníci 
610 2 0 |a manažéri 
610 2 0 |a prostredie pracovné 
610 2 0 |a vzťahy pracovné 
610 2 0 |a vzťahy medziľudské 
610 2 0 |a nadriadení 
610 2 0 |a podriadení 
610 2 0 |a podnik malý 
610 2 0 |a podnik stredný 
100 1 |a Strážovská, Ľubomíra